00420nam a2200157Ia 4500008004100000040001900041041001200060082002300072100001800095245003600113260003500149300001900184650002000203651002300223850001600246131103s9999 xx 000 0 und d aLoreto College aEnglish aF/RAYbLCBED/12988 aRay, Satyajit aMy years with ApucSatyajit Ray aNew delhibPenguin booksc1996 a148p. c 22cm. aEnglish fiction aEnglish literature aLCBED/F/RAY